| 000 | 00667nam a22001937a 4500 | ||
|---|---|---|---|
| 999 |
_c17147 _d17147 |
||
| 003 | AR-CdUCM | ||
| 008 | 190507b ||||| |||| 00| 0 spa d | ||
| 040 |
_aMUNICIPALIDAD PROVINCIAL DEL CUSCO _cBIBLIOTECA MUNICIPAL DEL CUSCO |
||
| 082 |
_a332.08 / _bAS838 |
||
| 245 | _aAspectos monetarios de las economías latinoamericanas 1958 / | ||
| 260 |
_aMéxico : _bCentro de Estudios Monetarios Latinoamericanos, _c1959. |
||
| 300 |
_a205 páginas ; _c23 cm. |
||
| 505 | _aContenido: Desarrollo económico. | ||
| 650 |
_aDesarrollo económico _91696 |
||
| 650 |
_aAmérica latina _94491 |
||
| 650 |
_aFinanzas _94496 |
||
| 942 |
_2ddc _cLIBROS |
||
| 945 |
_adavv _d07/05/2019 |
||